Informační věk pro příští generaci
Medzinárodná telekomunikačná únia (ITU) usporiadala kongres a veľtrh telekomunikácií Telecom 95 v Ženeve v októbri 1995. Vznik nového info-komunikačného odvetvia prienikom počítačového priemyslu, telekomunikácií a televízie dal podnet k vzniku globálnej informačnej infraštruktúry. Regulácia telekomu...
Gespeichert in:
| 1. Verfasser: | |
|---|---|
| Weitere Verfasser: | |
| Format: | Buchkapitel |
| Sprache: | Tschechisch |
| Schlagworte: | |
| Tags: |
Keine Tags, Fügen Sie das erste Tag hinzu!
|
MARC
| LEADER | 00000naa a2200000 4500 | ||
|---|---|---|---|
| 001 | r019265 | ||
| 005 | 20221208131423.5 | ||
| 041 | 0 | |a cze | |
| 044 | |a CZ | ||
| 245 | 1 | 0 | |a Informační věk pro příští generaci |c J. Ferenc, L. Ziková |
| 520 | |a Medzinárodná telekomunikačná únia (ITU) usporiadala kongres a veľtrh telekomunikácií Telecom 95 v Ženeve v októbri 1995. Vznik nového info-komunikačného odvetvia prienikom počítačového priemyslu, telekomunikácií a televízie dal podnet k vzniku globálnej informačnej infraštruktúry. Regulácia telekomunikačných aktivít štátom. Zavedenie konkurencie na trhu. | ||
| 610 | 2 | 0 | |a telekomunikácie |
| 610 | 2 | 0 | |a informácie |
| 610 | 2 | 0 | |a televízia |
| 610 | 2 | 0 | |a ITU |
| 610 | 2 | 0 | |a siete počítačové |
| 610 | 2 | 0 | |a komunikácia |
| 610 | 2 | 0 | |a kongresy |
| 610 | 2 | 0 | |a infraštruktúra |
| 610 | 2 | 0 | |a svet |
| 610 | 2 | 0 | |a 1995 |
| 100 | 1 | |a Ferenc, J. | |
| 700 | 1 | |a Ziková, L. | |